|
|
|
|
| LEADER |
01099aam a22002658a 4500 |
| 001 |
00028584 |
| 005 |
20171026081025.0 |
| 008 |
120329s1995 ||||||viesd |
| 041 |
0 |
# |
|a vie
|
| 082 |
1 |
4 |
|a 915.977 9
|b Đ309K
|
| 245 |
0 |
0 |
|c Thái Thị Ngọc Dư...[và nh. ng. khác]
|a Điều kiện sống và làm việc của phụ nữ tại các khu cư trú ở TP. Hồ Chí Minh
|
| 260 |
# |
# |
|a Tp. Hồ Chí Minh
|b Trường Đại học mở bán công Tp. Hồ Chí Minh
|c 1995
|
| 300 |
# |
# |
|a 58tr.
|c 20cm.
|
| 500 |
# |
# |
|a ĐTTS ghi: Bộ Giáo dục và Đào tạo. Đại học mở bán công TP.HCM. Khoa phụ nữ học
|
| 650 |
# |
4 |
|a Dân cư
|z Tp. Hồ Chí Minh
|z Việt Nam
|
| 653 |
# |
# |
|a Cuộc sống
|
| 653 |
# |
# |
|a Công tác xã hội
|
| 653 |
# |
# |
|a Công việc
|
| 653 |
# |
# |
|a Phụ nữ
|
| 700 |
1 |
# |
|a Thái, Thị Ngọc Dư
|
| 852 |
# |
# |
|b Kho đọc
|j KD.0012769
|
| 852 |
# |
# |
|j KD.0012769
|
| 910 |
|
|
|d 29/03/2012
|
| 980 |
# |
# |
|a Trung tâm Học liệu Lê Vũ Hùng, Trường Đại học Đồng Tháp
|